Music Quiz

Random Music or Song Quiz

Names of Beatles's Songs Quiz Stats

Quiz not verified by Sporcle

Challenge
Share
Tweet
Embed
Score 0/20 Timer 04:00
0 Plays Today
% Correct
Get Back
98.8%
I Saw Her Standing There
97.5%
Octopus's Garden
97.5%
In My Life
96.3%
Can't Buy Me Love
96.3%
I Am The Walrus
96.3%
Help!
96.3%
Paperback Writer
95.1%
A Day In The Life
95.1%
Yellow Submarine
95.1%
% Correct
Hey Bulldog
92.6%
While My Guitar Gently Weeps
92.6%
Got To Get You Into My Life
91.4%
Helter Skelter
91.4%
Across The Universe
91.4%
Maxwell's Silver Hammer
90.1%
Please Please Me
90.1%
Getting Better
88.9%
Girl
87.7%
Happiness Is A Warm Gun
85.2%

You're not logged in!

Compare scores with friends on all Sporcle quizzes.
Join for Free
OR
Log In

You Might Also Like...

Show Comments

Extras

Created Nov 15, 2012ReportNominate
Tags:Clickable Quiz, Song Quiz

Top Quizzes Today


Score Distribution

Your Account Isn't Verified!

In order to create a playlist on Sporcle, you need to verify the email address you used during registration. Go to your Sporcle Settings to finish the process.

Report this User

Report this user for behavior that violates our Community Guidelines.

Details: